| 000 | 00520nam a2200193Ia 4500 | ||
|---|---|---|---|
| 008 | 180207s9999 xx 000 0 und d | ||
| 020 | _a9789810950187 | ||
| 050 | _bT861 2015 | ||
| 100 | _aTroupe, Thomas Kingsley | ||
| 245 | _aEat healthfully / | ||
| 245 | _cby Thomas Kingsley Troupe ; illustrated by Jamey Christoph. | ||
| 260 | _aNew York : | ||
| 260 | _bScholastic, | ||
| 260 | _c2015 | ||
| 300 | _a24 pages : | ||
| 300 | _bcolor illustrations ; | ||
| 300 | _c20cm. | ||
| 440 | _aKitanai and hungry hare. | ||
| 999 |
_c355840 _d355840 |
||